Sustainable development through good governance (Record no. 495308)

000 -LEADER
fixed length control field 00418cam a22001337a 4500
008 - FIXED-LENGTH DATA ELEMENTS--GENERAL INFORMATION
fixed length control field 180718b2007 xxu||||| |||| 00| 0 eng d
020 ## - INTERNATIONAL STANDARD BOOK NUMBER
International Standard Book Number 978188348007
082 ## - DEWEY DECIMAL CLASSIFICATION NUMBER
Classification number B3x54 Ah48s
245 ## - TITLE STATEMENT
Title Sustainable development through good governance
Statement of responsibility, etc. edited by J.S. Ahluwalia
260 ## - PUBLICATION, DISTRIBUTION, ETC.
Place of publication, distribution, etc. New Delhi
Name of publisher, distributor, etc. World Environment Foundation
Date of publication, distribution, etc. 2007
650 ## - SUBJECT ADDED ENTRY--TOPICAL TERM
Topical term or geographic name entry element Environment
650 ## - SUBJECT ADDED ENTRY--TOPICAL TERM
Topical term or geographic name entry element Sustainable development
700 ## - ADDED ENTRY--PERSONAL NAME
Personal name Ahluwalia, J.S.
Holdings
Withdrawn status Lost status Damaged status Not for loan Permanent Location Current Location Date acquired Full call number Barcode Date last seen Price effective from Koha item type
        Indian Institute of Public Administration Indian Institute of Public Administration 2018-08-04 B3x54 Ah48s GR18409 2018-08-04 2018-08-04 GR

Powered by Koha